[Event "Oberliga Wuerttemberg 0910"]
[Site "Wuerttemberg"]
[Date "2009.11.15"]
[Round "3.4"]
[White "Hasenohr, Benedict"]
[Black "Behm, Simon"]
[Result "1-0"]
[WhiteElo "2171"]
[BlackElo "2138"]
[PlyCount "49"]
[EventDate "2009.10.11"]
[EventType "team-tourn"]
[EventRounds "9"]
[EventCountry "GER"]
[SourceTitle "EXT 2019"]
[Source "ChessBase"]
[SourceDate "2018.10.10"]
[SourceVersion "1"]
[SourceVersionDate "2018.10.10"]
[SourceQuality "1"]
[WhiteTeam "Rommelshausen"]
[BlackTeam "Stuttgart Wolfbusch"]
[WhiteTeamCountry "GER"]
[BlackTeamCountry "GER"]

1. d4 d5 2. Nf3 Nf6 3. Bf4 c5 4. e3 e6 5. c3 Be7 6. Nbd2 Nc6 7. h3 0-0 8. Be2 a6 9. a4 Bd7 10. 0-0 Qb6 11. Qc2 Rfc8 12. Rfc1 Qd8 13. Qb1 cxd4 14. exd4 b6 15. Bd3 Na5 16. Ne5 Be8 17. Kh1 b5 18. Rg1 b4 19. g4 bxc3 20. bxc3 Rxc3 21. g5 Ne4 22. Nxe4 dxe4 23. Bxe4 Qxd4 24. Nf3 Bc6 25. Nxd4 1-0

[Event "Oberliga Wuerttemberg 0708"]
[Site "Wuerttemberg"]
[Date "2007.12.09"]
[Round "4.1"]
[White "Behm, Simon"]
[Black "Schmittdiel, Eckhard"]
[Result "0-1"]
[WhiteElo "2210"]
[BlackElo "2425"]
[PlyCount "102"]
[EventDate "2007.10.07"]
[EventType "team-tourn"]
[EventRounds "9"]
[EventCountry "GER"]
[SourceTitle "EXT 2018"]
[Source "ChessBase"]
[SourceDate "2017.10.13"]
[SourceVersion "1"]
[SourceVersionDate "2017.10.13"]
[SourceQuality "1"]
[WhiteTeam "Wolfbusch"]
[BlackTeam "Tuebingen"]
[WhiteTeamCountry "GER"]
[BlackTeamCountry "GER"]

1. d4 g6 2. c4 Bg7 3. Nc3 d6 4. e4 Nd7 5. Nf3 e5 6. Be2 Ne7 7. Be3 0-0 8. Qd2 f5 9. dxe5 Nxe5 10. 0-0 fxe4 11. Nxe4 Nf5 12. Nxe5 Bxe5 13. Bg5 Qe8 14. Ng3 Nd4 15. Rae1 Qf7 16. Bd3 Be6 17. b3 a5 18. Be4 a4 19. Ne2 Nc6 20. Nc3 axb3 21. axb3 Ra3 22. Bxc6 bxc6 23. Rxe5 dxe5 24. Qb2 Ra5 25. Ne4 Qf5 26. f3 Bf7 27. Bd2 Raa8 28. Bc3 Rfb8 29. g4 Qe6 30. Bxe5 Rxb3 31. Nf6+ Qxf6 32. Bxf6 Rxb2 33. Bxb2 Bxc4 34. Rf2 Rd8 35. Kg2 c5 36. Kg3 Rd3 37. Rc2 Bd5 38. Rxc5 Rxf3+ 39. Kh4 c6 40. Ra5 h6 41. Ra8+ Kf7 42. Ra3 Bb3 43. g5 h5 44. Be5 Ke6 45. Bg3 Rd3 46. Ra1 Bd5 47. Rf1 Be4 48. Rf6+ Ke7 49. Rf4 Bf5 50. Rc4 c5 51. Rf4 Ke6 0-1

[Event "Oberliga Wuerttemberg 0708"]
[Site "Wuerttemberg"]
[Date "2007.10.07"]
[Round "1.1"]
[White "Kessler, Dietmar"]
[Black "Behm, Simon"]
[Result "1-0"]
[WhiteElo "2270"]
[BlackElo "2210"]
[PlyCount "51"]
[EventDate "2007.10.07"]
[EventType "team-tourn"]
[EventRounds "9"]
[EventCountry "GER"]
[SourceTitle "EXT 2018"]
[Source "ChessBase"]
[SourceDate "2017.10.13"]
[SourceVersion "1"]
[SourceVersionDate "2017.10.13"]
[SourceQuality "1"]
[WhiteTeam "Ebersbach"]
[BlackTeam "Wolfbusch"]
[WhiteTeamCountry "GER"]
[BlackTeamCountry "GER"]

1. e4 c5 2. Nc3 Nc6 3. g3 g6 4. Bg2 Bg7 5. d3 d6 6. f4 e6 7. Nf3 Nge7 8. 0-0 0-0 9. Rb1 Rb8 10. Bd2 b5 11. a3 a5 12. a4 bxa4 13. Nxa4 Ba6 14. b3 Nd4 15. Kh1 Bb5 16. Nc3 Qd7 17. Nxb5 Qxb5 18. Ra1 Ndc6 19. Ra4 Nc8 20. f5 Nb6 21. Ra3 Nb4 22. Bh3 exf5 23. exf5 Rbe8 24. Ng5 N6d5 25. c4 Qc6 26. Bg2 1-0

[Event "Deizisau Herbst op 1st"]
[Site "Deizisau"]
[Date "2006.10.31"]
[Round "5"]
[White "Schork, Stefan"]
[Black "Behm, Simon"]
[Result "1/2-1/2"]
[WhiteElo "2107"]
[BlackElo "2210"]
[PlyCount "26"]
[EventDate "2006.10.29"]
[EventType "swiss"]
[EventRounds "7"]
[EventCountry "GER"]
[SourceTitle "EXT 2022"]
[Source "ChessBase"]
[SourceDate "2021.10.06"]
[SourceVersion "1"]
[SourceVersionDate "2021.10.06"]
[SourceQuality "1"]

1. d4 d5 2. c4 c6 3. Nf3 Nf6 4. e3 Bg4 5. h3 Bh5 6. cxd5 Bxf3 7. Qxf3 cxd5 8. Nc3 e6 9. Qg3 Nc6 10. Bd3 Nh5 11. Qf3 Nf6 12. Qg3 Nh5 13. Qf3 Nf6 1/2-1/2

[Event "Wuerttemberg-chA"]
[Site "Balingen"]
[Date "2006.09.03"]
[Round "9"]
[White "Heinl, Thomas"]
[Black "Behm, Simon"]
[Result "1/2-1/2"]
[WhiteElo "2215"]
[BlackElo "2229"]
[PlyCount "36"]
[EventDate "2006.08.26"]
[EventType "swiss"]
[EventRounds "9"]
[EventCountry "GER"]
[SourceTitle "EXT 2007"]
[Source "ChessBase"]
[SourceDate "2006.11.23"]
[SourceVersion "1"]
[SourceVersionDate "2006.11.23"]
[SourceQuality "1"]

1. e4 c5 2. Nf3 Nc6 3. d4 cxd4 4. Nxd4 Nf6 5. Nc3 e5 6. Ndb5 d6 7. Bg5 a6 8. Na3 b5 9. Nd5 Be7 10. Bxf6 Bxf6 11. c3 0-0 12. Nc2 Rb8 13. Bd3 Be6 14. h4 a5 15. a3 Be7 16. Nce3 Qd7 17. Qe2 Qb7 18. 0-0 Bd8 1/2-1/2

[Event "Wuerttemberg-chA"]
[Site "Balingen"]
[Date "2006.08.29"]
[Round "4"]
[White "Behm, Simon"]
[Black "Latzke, Boris Alexander"]
[Result "0-1"]
[WhiteElo "2229"]
[BlackElo "2257"]
[PlyCount "106"]
[EventDate "2006.08.26"]
[EventType "swiss"]
[EventRounds "9"]
[EventCountry "GER"]
[SourceTitle "EXT 2007"]
[Source "ChessBase"]
[SourceDate "2006.11.23"]
[SourceVersion "1"]
[SourceVersionDate "2006.11.23"]
[SourceQuality "1"]

1. d4 Nf6 2. c4 e6 3. Nc3 Bb4 4. Qc2 0-0 5. a3 Bxc3+ 6. Qxc3 b6 7. Bg5 Bb7 8. e3 d6 9. Ne2 Nbd7 10. Qd3 c5 11. Nc3 h6 12. Bh4 Ba6 13. Qd1 Qe7 14. d5 Ne5 15. Qa4 Bb7 16. Rd1 Rfd8 17. Be2 Ng6 18. Bg3 a6 19. Bf3 e5 20. Ne4 Nd7 21. Bg4 b5 22. Qa5 bxc4 23. 0-0 Ndf8 24. Rfe1 Nh7 25. f4 Nf6 26. Nxf6+ Qxf6 27. f5 Qg5 28. Bh3 Nf8 29. e4 Rab8 30. Re2 Bc8 31. Rf1 Qf6 32. Qe1 Nh7 33. Qa5 Ng5 34. Bg4 Rb3 35. Rc1 Bd7 36. Rc3 Rb5 37. Qxa6 Rdb8 38. Rcc2 c3 39. bxc3 Rb1+ 40. Re1 Nxe4 41. Qf1 Rxe1 42. Bxe1 Rb1 43. h3 Ba4 44. Ra2 Bb5 45. c4 Bxc4 46. Qxc4 Rxe1+ 47. Kh2 Qh4 48. Qb3 h5 49. g3 Nxg3 50. Qxg3 Rh1+ 51. Kxh1 Qxg3 52. Bxh5 Qxh3+ 53. Rh2 Qf1# 0-1

[Event "Budapest FS08 IM-B"]
[Site "Budapest"]
[Date "2006.08.14"]
[Round "10"]
[White "Behm, Simon"]
[Black "Nagy, Bence"]
[Result "1-0"]
[WhiteElo "2229"]
[BlackElo "2355"]
[PlyCount "77"]
[EventDate "2006.08.05"]
[EventType "tourn"]
[EventRounds "13"]
[EventCountry "HUN"]
[EventCategory "1"]
[SourceTitle "CBM 113 Extra"]
[Source "ChessBase"]
[SourceDate "2006.09.14"]
[SourceVersion "1"]
[SourceVersionDate "2006.09.14"]
[SourceQuality "1"]

1. e4 c5 2. Nf3 d6 3. d4 Nf6 4. Nc3 cxd4 5. Nxd4 g6 6. Bg5 Bg7 7. Bb5+ Nbd7 8. Qe2 a6 9. Bxd7+ Nxd7 10. 0-0-0 h6 11. Be3 b5 12. Nc6 Qc7 13. Nxe7 Ne5 14. Ned5 Qb7 15. Nb6 Rb8 16. Nxc8 Rxc8 17. Bd4 0-0 18. Nd5 f5 19. f4 Nc4 20. exf5 Rfe8 21. Qf3 Bxd4 22. Rxd4 Qf7 23. f6 Rc5 24. f5 g5 25. h4 Ne5 26. Qb3 Nc4 27. Ne7+ Rxe7 28. fxe7 Qxe7 29. Qd3 Re5 30. Rd1 Re3 31. Qf1 Re2 32. f6 Qe5 33. Qf3 Qe6 34. Qa8+ Kf7 35. Qh8 Qe3+ 36. Kb1 Qxd4 37. Qg7+ Ke6 38. Qe7+ Kf5 39. Rxd4 1-0

[Event "Budapest FS08 IM-B"]
[Site "Budapest"]
[Date "2006.08.11"]
[Round "7"]
[White "Brener, Ilja"]
[Black "Behm, Simon"]
[Result "1-0"]
[WhiteElo "2327"]
[BlackElo "2229"]
[PlyCount "131"]
[EventDate "2006.08.05"]
[EventType "tourn"]
[EventRounds "13"]
[EventCountry "HUN"]
[EventCategory "1"]
[SourceTitle "CBM 113 Extra"]
[Source "ChessBase"]
[SourceDate "2006.09.14"]
[SourceVersion "1"]
[SourceVersionDate "2006.09.14"]
[SourceQuality "1"]

1. e4 c5 2. Nf3 Nc6 3. d4 cxd4 4. Nxd4 Nf6 5. Nc3 e5 6. Ndb5 d6 7. Bg5 a6 8. Na3 b5 9. Bxf6 gxf6 10. Nd5 Bg7 11. c3 f5 12. Bd3 Ne7 13. Nxe7 Qxe7 14. Nc2 Qb7 15. f3 f4 16. Qe2 Be6 17. a4 0-0 18. axb5 axb5 19. 0-0 Bb3 20. Nb4 Rxa1 21. Rxa1 Ra8 22. Re1 Ra5 23. g4 Bf6 24. Bc2 Bxc2 25. Qxc2 Bd8 26. Kg2 Bb6 27. Nd5 Kg7 28. Rd1 Qa7 29. Qd2 Bc5 30. Kh3 Ra2 31. Rb1 Ra1 32. Qe1 Rxb1 33. Qxb1 Bg1 34. Qf1 Qc5 35. Ne7 Kf6 36. Nf5 Ke6 37. Kg2 Be3 38. Qd1 Qc6 39. Qb3+ d5 40. exd5+ Qxd5 41. Qxd5+ Kxd5 42. Nxe3+ fxe3 43. b3 b4 44. c4+ Kd4 45. Kf1 Kc3 46. Ke2 Kxb3 47. c5 Ka2 48. c6 b3 49. c7 b2 50. c8Q b1Q 51. Qa6+ Kb2 52. Qb5+ Kc2 53. Qc6+ Kb2 54. Qb6+ Kc2 55. Qc5+ Kb3 56. Qb5+ Kc2 57. Qxb1+ Kxb1 58. g5 Kc2 59. h4 Kc1 60. h5 Kc2 61. h6 Kc1 62. Kxe3 Kd1 63. Ke4 Ke2 64. Kxe5 Kxf3 65. Kf6 Kg4 66. Kxf7 1-0

[Event "Budapest FS08 IM-B"]
[Site "Budapest"]
[Date "2006.08.06"]
[Round "2"]
[White "Behm, Simon"]
[Black "Kahn, Evarth"]
[Result "1/2-1/2"]
[WhiteElo "2229"]
[BlackElo "2307"]
[PlyCount "68"]
[EventDate "2006.08.05"]
[EventType "tourn"]
[EventRounds "13"]
[EventCountry "HUN"]
[EventCategory "1"]
[SourceTitle "CBM 113 Extra"]
[Source "ChessBase"]
[SourceDate "2006.09.14"]
[SourceVersion "1"]
[SourceVersionDate "2006.09.14"]
[SourceQuality "1"]

1. d4 g6 2. c4 Bg7 3. e4 d6 4. Nc3 Nc6 5. d5 Nd4 6. Nge2 c5 7. Be3 Qb6 8. Qd2 e5 9. dxe6 Bxe6 10. 0-0-0 Nxe2+ 11. Bxe2 0-0-0 12. b3 Ne7 13. Bg5 f6 14. Bf4 Nc6 15. Na4 Qa6 16. Qb2 Nd4 17. Rxd4 cxd4 18. Qxd4 Rd7 19. Qe3 Kb8 20. Nc5 Qxa2 21. Nxd7+ Bxd7 22. Qd3 Bc6 23. Rd1 Ka8 24. Qxd6 Rc8 25. Qe6 Qa3+ 26. Kc2 Bxe4+ 27. Bd3 Rd8 28. Bxe4 Qa2+ 29. Kc3 f5+ 30. Be5 Qa5+ 31. Kc2 Qa2+ 32. Kc3 Qa5+ 33. Kc2 Qa2+ 34. Kc3 Qa5+ 1/2-1/2

[Event "Pardubice op-A"]
[Site "Pardubice"]
[Date "2006.07.29"]
[Round "9"]
[White "Nagy, Laszlo"]
[Black "Behm, Simon"]
[Result "1/2-1/2"]
[WhiteElo "2121"]
[BlackElo "2229"]
[PlyCount "38"]
[EventDate "2006.07.21"]
[EventType "swiss"]
[EventRounds "9"]
[EventCountry "CZE"]
[SourceTitle "CBM 113 Extra"]
[Source "ChessBase"]
[SourceDate "2006.09.14"]
[SourceVersion "1"]
[SourceVersionDate "2006.09.14"]
[SourceQuality "1"]

1. Nf3 d5 2. g3 Nf6 3. Bg2 c6 4. d4 Bf5 5. 0-0 e6 6. b3 Be7 7. c4 Nbd7 8. Bb2 h6 9. Nc3 0-0 10. Nd2 a5 11. f3 Qb6 12. c5 Qa7 13. e4 dxe4 14. Ncxe4 Nd5 15. Nc4 Rfd8 16. Qe2 Qa6 17. Rfe1 Rdb8 18. Qf2 Bg6 19. f4 Qa7 1/2-1/2

[Event "GER-ch U18"]
[Site "Willingen"]
[Date "2006.06.06"]
[Round "6"]
[White "Armbrust, Florian"]
[Black "Behm, Simon"]
[Result "1/2-1/2"]
[WhiteElo "2272"]
[BlackElo "2243"]
[PlyCount "115"]
[EventDate "2006.06.03"]
[EventType "swiss"]
[EventRounds "9"]
[EventCountry "GER"]
[SourceTitle "EXT 2007"]
[Source "ChessBase"]
[SourceDate "2006.11.23"]
[SourceVersion "1"]
[SourceVersionDate "2006.11.23"]
[SourceQuality "1"]

1. e4 c5 2. Nc3 Nc6 3. Bb5 Nd4 4. Bc4 e6 5. Nf3 Nf6 6. 0-0 a6 7. d3 b5 8. Bb3 Nxb3 9. axb3 Bb7 10. e5 b4 11. Nb1 Nd5 12. Nbd2 Be7 13. Nc4 0-0 14. Na5 Bc8 15. d4 f6 16. exf6 Nxf6 17. Bf4 Nd5 18. Be5 cxd4 19. Nxd4 Bc5 20. Qg4 Qe7 21. Qe4 d6 22. Bg3 Qf7 23. Rad1 e5 24. Nf3 Nc7 25. Nc4 Bf5 26. Qc6 Nb5 27. Ncxe5 dxe5 28. Qxc5 Rac8 29. Qxb4 Bxc2 30. Nxe5 Qxb3 31. Qxb3+ Bxb3 32. Ra1 Rc2 33. Rxa6 Rxb2 34. Nd3 Rd2 35. Ne5 Nd4 36. Kh1 Ne2 37. Ra3 Bd5 38. f3 Rf5 39. Ng4 Bc4 40. Ra8+ Kf7 41. Ra7+ Kg8 42. Ra8+ Kf7 43. Re1 Bd5 44. Ra7+ Kg8 45. Ne3 Nxg3+ 46. hxg3 Re5 47. Raa1 Rd3 48. Nxd5 Rxe1+ 49. Rxe1 Rxd5 50. g4 h5 51. gxh5 Rxh5+ 52. Kg1 Ra5 53. Kf2 Kf7 54. g4 g5 55. Rb1 Ra6 56. Rb5 Kf6 57. Kg3 Kg6 58. Rc5 1/2-1/2

[Event "Stuttgart-chA int"]
[Site "Ditzingen"]
[Date "2006.05.25"]
[Round "2"]
[White "Behm, Simon"]
[Black "Lehmann, Erich"]
[Result "1-0"]
[WhiteElo "2243"]
[BlackElo "2082"]
[PlyCount "61"]
[EventDate "2006.05.25"]
[EventType "swiss"]
[EventRounds "7"]
[EventCountry "GER"]
[SourceTitle "EXT 2018"]
[Source "ChessBase"]
[SourceDate "2017.10.13"]
[SourceVersion "1"]
[SourceVersionDate "2017.10.13"]
[SourceQuality "1"]

1. d4 d5 2. c4 c6 3. Nc3 Nf6 4. Nf3 a6 5. a4 Bf5 6. cxd5 cxd5 7. Qb3 Ra7 8. Bg5 e6 9. Nh4 Bg6 10. Nxg6 hxg6 11. e3 Bd6 12. Be2 Nc6 13. h3 Na5 14. Qa2 Ra8 15. 0-0 0-0 16. Rad1 Qb6 17. Bxf6 gxf6 18. e4 dxe4 19. Nxe4 Be7 20. d5 exd5 21. Nc3 Kg7 22. Nxd5 Qe6 23. Rfe1 Bd8 24. b4 Nc6 25. Bg4 Qd6 26. Nb6 Qxd1 27. Rxd1 Bxb6 28. Rd7 Nxb4 29. Qc4 a5 30. Rxb7 Rac8 31. Bxc8 1-0

[Event "Stuttgart-chA int"]
[Site "Ditzingen"]
[Date "2006.05.25"]
[Round "1"]
[White "Ohnmacht, Rolf"]
[Black "Behm, Simon"]
[Result "0-1"]
[WhiteElo "1979"]
[BlackElo "2243"]
[PlyCount "56"]
[EventDate "2006.05.25"]
[EventType "swiss"]
[EventRounds "7"]
[EventCountry "GER"]
[SourceTitle "EXT 2018"]
[Source "ChessBase"]
[SourceDate "2017.10.13"]
[SourceVersion "1"]
[SourceVersionDate "2017.10.13"]
[SourceQuality "1"]

1. b3 d5 2. Bb2 c5 3. e3 Nc6 4. f4 e6 5. Nf3 Nf6 6. Bb5 Be7 7. 0-0 0-0 8. Bxc6 bxc6 9. Nc3 Ba6 10. Ne2 c4 11. bxc4 Bxc4 12. Ne5 Bxe2 13. Qxe2 Qc7 14. Ng4 Nd7 15. Rf3 f6 16. Rg3 Kh8 17. Rh3 Rfb8 18. Bc3 Bb4 19. Bxb4 Rxb4 20. c3 Rb2 21. Qf2 Rab8 22. Qh4 Nf8 23. Rg3 Qf7 24. Rf1 Rxa2 25. f5 exf5 26. Rxf5 Rb1+ 27. Rf1 Rxf1+ 28. Kxf1 Qg6 0-1

[Event "Boeblingen op 22nd"]
[Site "Boeblingen"]
[Date "2005.12.29"]
[Round "7"]
[White "Dausch, Rene"]
[Black "Behm, Simon"]
[Result "1/2-1/2"]
[WhiteElo "2387"]
[BlackElo "2245"]
[PlyCount "106"]
[EventDate "2005.12.26"]
[EventType "swiss"]
[EventRounds "9"]
[EventCountry "GER"]
[SourceTitle "CBM 110 Extra"]
[Source "ChessBase"]
[SourceDate "2006.03.10"]
[SourceVersion "2"]
[SourceVersionDate "2006.03.10"]
[SourceQuality "1"]

1. c4 c6 2. e4 d5 3. cxd5 cxd5 4. exd5 Nf6 5. Qa4+ Nbd7 6. Nc3 g6 7. Nf3 Bg7 8. Qb3 0-0 9. Bc4 Nb6 10. d3 Bf5 11. Be3 Nxc4 12. dxc4 Qc7 13. Nb5 Qa5+ 14. Bd2 Qb6 15. 0-0 Ne4 16. Be3 Qa5 17. Bd4 e6 18. Bxg7 Kxg7 19. Nbd4 exd5 20. Nxf5+ gxf5 21. cxd5 Rfd8 22. Rad1 Rac8 23. Rd4 Rc5 24. Rfd1 Rb5 25. Qd3 Rxb2 26. Rxe4 fxe4 27. Qd4+ Kg8 28. Qxb2 exf3 29. Qe5 Rc8 30. Qg5+ Kf8 31. Qh6+ Kg8 32. gxf3 Qc3 33. Qe3 Kf8 34. d6 Qxe3 35. fxe3 f6 36. e4 Kf7 37. Rd5 Ke6 38. Rh5 Rg8+ 39. Kf2 Rg7 40. Rh6 Rf7 41. Ke3 Kxd6 42. Kd4 Ke6 43. e5 Kf5 44. Rxf6+ Rxf6 45. exf6 Kxf6 46. Kd5 h5 47. a4 Kf5 48. Kd6 Kf4 49. Kc7 Kxf3 50. Kxb7 h4 51. Kxa7 h3 52. a5 Kg2 53. a6 Kxh2 1/2-1/2

[Event "Boeblingen op 22nd"]
[Site "Boeblingen"]
[Date "2005.12.28"]
[Round "5"]
[White "Penzel, Frank"]
[Black "Behm, Simon"]
[Result "0-1"]
[WhiteElo "1903"]
[BlackElo "2245"]
[PlyCount "68"]
[EventDate "2005.12.26"]
[EventType "swiss"]
[EventRounds "9"]
[EventCountry "GER"]
[SourceTitle "CBM 110 Extra"]
[Source "ChessBase"]
[SourceDate "2006.03.10"]
[SourceVersion "2"]
[SourceVersionDate "2006.03.10"]
[SourceQuality "1"]

1. e4 c5 2. Nf3 Nc6 3. Bb5 e6 4. c3 Nge7 5. d4 cxd4 6. cxd4 d5 7. exd5 Qa5+ 8. Nc3 Nxd5 9. Qa4 Qxa4 10. Bxa4 Bd6 11. Nxd5 exd5 12. 0-0 0-0 13. Bb3 Be6 14. Bd2 f6 15. Rfe1 Bf7 16. a3 Rfd8 17. h3 g5 18. g4 h5 19. Bc2 hxg4 20. hxg4 Kg7 21. Kg2 Rh8 22. Bf5 Ne7 23. Bd3 Ng6 24. Bf5 Ne7 25. Bd3 Rad8 26. Rh1 Be6 27. Be3 Bxg4 28. Nd2 Bf5 29. Be2 Ng6 30. Rxh8 Rxh8 31. Rh1 Nh4+ 32. Kf1 Rc8 33. Nf3 Ng6 34. Rg1 Rc2 0-1

[Event "Bayern-chI Bank Hofmann 9th"]
[Site "Bad Wiessee"]
[Date "2005.11.01"]
[Round "4"]
[White "Naumann, Alexander"]
[Black "Behm, Simon"]
[Result "1-0"]
[WhiteElo "2534"]
[BlackElo "2245"]
[PlyCount "73"]
[EventDate "2005.10.29"]
[EventType "swiss"]
[EventRounds "9"]
[EventCountry "GER"]
[SourceTitle "EXT 2006"]
[Source "ChessBase"]
[SourceDate "2005.11.24"]
[SourceVersion "1"]
[SourceVersionDate "2005.11.24"]
[SourceQuality "1"]

1. d4 d5 2. c4 c6 3. Nf3 Nf6 4. Nc3 dxc4 5. a4 Bf5 6. Ne5 Nbd7 7. Nxc4 Qc7 8. g3 e5 9. dxe5 Nxe5 10. Bf4 Nfd7 11. Bg2 g5 12. Ne3 gxf4 13. Nxf5 0-0-0 14. Qc2 Nc5 15. 0-0 Ne6 16. Qe4 a5 17. gxf4 Ng4 18. h3 Nh6 19. e3 Nc5 20. Qc2 Nxf5 21. Qxf5+ Qd7 22. Qh5 Qe6 23. Rfd1 Rxd1+ 24. Rxd1 Be7 25. Ne2 Qg6 26. Qe5 Rg8 27. Ng3 Qf6 28. Nf5 Qxe5 29. fxe5 Bf8 30. Rd4 Rg5 31. h4 Rg6 32. f4 Kc7 33. Kf2 Ne6 34. Rc4 Ng7 35. Bh3 Nxf5 36. Bxf5 Rh6 37. Rd4 1-0

[Event "Illertissen op"]
[Site "Illertissen"]
[Date "2005.09.03"]
[Round "8"]
[White "Heinl, Thomas"]
[Black "Behm, Simon"]
[Result "1-0"]
[WhiteElo "2248"]
[BlackElo "2225"]
[PlyCount "83"]
[EventDate "2005.08.27"]
[EventType "swiss"]
[EventRounds "9"]
[EventCountry "GER"]
[SourceTitle "CBM 108 Extra"]
[Source "ChessBase"]
[SourceDate "2005.11.04"]
[SourceVersion "1"]
[SourceVersionDate "2005.11.04"]
[SourceQuality "1"]

1. e4 c5 2. Nf3 Nc6 3. d4 cxd4 4. Nxd4 Nf6 5. Nc3 e5 6. Ndb5 d6 7. Bg5 a6 8. Na3 b5 9. Nd5 Be7 10. Bxf6 Bxf6 11. Bd3 Bg5 12. c3 Ne7 13. Nxe7 Qxe7 14. Nc2 0-0 15. 0-0 Kh8 16. a4 Bb7 17. axb5 axb5 18. Qe2 f5 19. exf5 d5 20. Rxa8 Bxa8 21. Qh5 Bh6 22. Re1 Qf6 23. Bxb5 Bg5 24. Qg4 g6 25. Qe2 Qxf5 26. Qxe5+ Qxe5 27. Rxe5 Bc1 28. Re7 Rc8 29. Ba6 Rb8 30. b4 Bd2 31. Rc7 Bf4 32. Rc5 Bd6 33. Rc8+ Rxc8 34. Bxc8 Kg7 35. g3 Kf6 36. Kf1 Ke5 37. Ke2 Bc6 38. f4+ Ke4 39. Ba6 d4 40. Nxd4 Ba8 41. Bd3+ Kd5 42. Ke3 1-0

[Event "Illertissen op"]
[Site "Illertissen"]
[Date "2005.08.28"]
[Round "2"]
[White "Lorscheid, Gerhard"]
[Black "Behm, Simon"]
[Result "1/2-1/2"]
[WhiteElo "2285"]
[BlackElo "2225"]
[PlyCount "83"]
[EventDate "2005.08.27"]
[EventType "swiss"]
[EventRounds "9"]
[EventCountry "GER"]
[SourceTitle "CBM 108 Extra"]
[Source "ChessBase"]
[SourceDate "2005.11.04"]
[SourceVersion "1"]
[SourceVersionDate "2005.11.04"]
[SourceQuality "1"]

1. d4 Nf6 2. Nf3 d5 3. c4 c6 4. e3 Bg4 5. Nc3 e6 6. h3 Bh5 7. g4 Bg6 8. Ne5 Nfd7 9. Nxg6 hxg6 10. e4 dxe4 11. Nxe4 Nf6 12. Nc3 Na6 13. Bg2 Qb6 14. c5 Qa5 15. Qf3 Nb4 16. Qe2 0-0-0 17. Be3 e5 18. dxe5 Nd3+ 19. Kf1 Nxe5 20. g5 Nfd7 21. f4 Bxc5 22. fxe5 Bxe3 23. Qxe3 Rhe8 24. Ne4 Nxe5 25. Kg1 Nc4 26. Qg3 Qb6+ 27. Kh2 Ne3 28. Rhe1 Nf5 29. Qf4 Qxb2 30. Rab1 Qd4 31. Re2 Rh8 32. Reb2 Rh4 33. Qf3 Qe5+ 34. Kg1 Qd4+ 35. Kh2 Qe5+ 36. Kg1 Qd4+ 37. Qf2 Qxf2+ 38. Kxf2 b6 39. Rc1 Rf4+ 40. Kg1 Nd4 41. Ng3 c5 42. Ne2 1/2-1/2

[Event "Faakersee op 21st"]
[Site "Latschach"]
[Date "2005.08.14"]
[Round "2"]
[White "Behm, Simon"]
[Black "Legat, Albert"]
[Result "1-0"]
[WhiteElo "2225"]
[BlackElo "2081"]
[PlyCount "65"]
[EventDate "2005.08.13"]
[EventType "swiss"]
[EventRounds "9"]
[EventCountry "AUT"]
[SourceTitle "EXT 2006"]
[Source "ChessBase"]
[SourceDate "2005.11.24"]
[SourceVersion "1"]
[SourceVersionDate "2005.11.24"]
[SourceQuality "1"]

1. d4 f5 2. c4 Nf6 3. Nc3 e6 4. Nf3 Bb4 5. Bd2 0-0 6. e3 d5 7. Be2 b6 8. cxd5 Bxc3 9. bxc3 exd5 10. 0-0 c5 11. dxc5 bxc5 12. c4 Ba6 13. Rc1 Ne4 14. Ba5 Qd6 15. cxd5 Bxe2 16. Qxe2 Qxd5 17. Rfd1 Qe6 18. Bc3 Nd7 19. Ba1 Rac8 20. Ne1 Rc7 21. Nd3 Rfc8 22. Nf4 Qf7 23. f3 Nef6 24. Qc2 g5 25. Nh3 Qe6 26. e4 fxe4 27. Nxg5 Qe7 28. Qc4+ Kg7 29. Ne6+ Kg6 30. Nxc7 Rxc7 31. fxe4 Qxe4 32. Rd6 Kg5 33. h4+ 1-0

[Event "Pardubice op-A"]
[Site "Pardubice"]
[Date "2005.07.26"]
[Round "5"]
[White "Grabinsky, Vladimir"]
[Black "Behm, Simon"]
[Result "0-1"]
[WhiteElo "2316"]
[BlackElo "2225"]
[PlyCount "88"]
[EventDate "2005.07.22"]
[EventType "swiss"]
[EventRounds "9"]
[EventCountry "CZE"]
[SourceTitle "CBM 107 Extra"]
[Source "ChessBase"]
[SourceDate "2005.09.01"]
[SourceVersion "1"]
[SourceVersionDate "2005.09.01"]
[SourceQuality "1"]

1. e4 c5 2. Nc3 Nc6 3. g3 Nf6 4. Bg2 e6 5. f4 d5 6. e5 Nd7 7. Nf3 Be7 8. 0-0 0-0 9. Kh1 Rb8 10. d4 b5 11. Be3 cxd4 12. Nxd4 Nxd4 13. Bxd4 Qc7 14. f5 Nxe5 15. Qe2 Bf6 16. Rae1 b4 17. Nxd5 exd5 18. Bxe5 Bxe5 19. Qxe5 Qxe5 20. Rxe5 Bb7 21. Bxd5 Rbe8 22. Bxb7 Rxe5 23. Ba6 Ra5 24. Bc4 Rd8 25. Rf2 Kf8 26. f6 g6 27. Kg2 Rd6 28. Bd3 Rxa2 29. b3 a5 30. Bc4 Ra1 31. g4 Rad1 32. Bd3 a4 33. Rf4 Rd2+ 34. Kf3 R2xd3+ 35. cxd3 Rxd3+ 36. Ke4 Rxb3 37. Kd5 a3 38. Rc4 Ke8 39. Rc8+ Kd7 40. Ra8 Rc3 41. Rf8 a2 42. Rxf7+ Ke8 43. Re7+ Kf8 44. Re1 Ra3 0-1

[Event "Pardubice op-A"]
[Site "Pardubice"]
[Date "2005.07.22"]
[Round "1"]
[White "Lagowski, Patryk"]
[Black "Behm, Simon"]
[Result "1-0"]
[WhiteElo "2395"]
[BlackElo "2225"]
[PlyCount "93"]
[EventDate "2005.07.22"]
[EventType "swiss"]
[EventRounds "9"]
[EventCountry "CZE"]
[SourceTitle "CBM 107 Extra"]
[Source "ChessBase"]
[SourceDate "2005.09.01"]
[SourceVersion "1"]
[SourceVersionDate "2005.09.01"]
[SourceQuality "1"]

1. d4 d5 2. c4 c6 3. Nf3 Nf6 4. e3 Bg4 5. Nc3 e6 6. h3 Bh5 7. g4 Bg6 8. Ne5 Nfd7 9. Nxg6 hxg6 10. Qe2 Na6 11. Bg2 dxc4 12. Qxc4 Nb4 13. Qe2 Bd6 14. a3 Nd5 15. Bd2 Qe7 16. Ne4 Bc7 17. f4 N7f6 18. Nc5 g5 19. fxg5 Nd7 20. Ne4 e5 21. Rf1 0-0-0 22. 0-0-0 Nf8 23. Qf3 Ne6 24. Qxf7 Qxf7 25. Rxf7 exd4 26. exd4 Nxd4 27. Kb1 Nb3 28. Rf3 Nd4 29. Rf2 Ne6 30. Rdf1 Bb6 31. Rf7 Be3 32. Bb4 Nef4 33. Nd6+ Rxd6 34. Bxd6 Nxg2 35. Rxg7 Bd4 36. Rg6 Rxh3 37. Rf8+ Kd7 38. Rf7+ Ke8 39. Rxb7 Rh8 40. Rh6 Rg8 41. Re6+ Kd8 42. Re4 Rg6 43. Rxd4 Rxd6 44. Rxa7 Rg6 45. Rd2 Ngf4 46. Rh2 Rg8 47. Ra8+ 1-0